02462cas a2200577 i 450000100090000000300040000900500170001300800410003001000170007101600220008801600220011002200280013203500240016003701320018404001160031604200080043204300120044005000180045208200210047021000220049122200290051324500210054226400530056326400860061630000240070231000280072632100370075433600260079133700280081733800270084536201300087250000450100253000240104758800610107158800300113265000360116265000350119865000510123365000400128465000410132465000560136565000400142165000380146165000630149965100380156265500430160071000420164371000680168577600760175377600550182913682544OSt20250206151428.0040810c20029999gh fx p 0 a0eng  a 20046995277 a9762924242DE-1017 a2201879-72DE-600 a1726-4596l1726-459620 a(OCoLC)ocm53869360  bInstitute of African Studies, University of Ghana, Kwame Nkrumah Complex, Anne Jiagge Road, P.O. Box LG 73, Legon, Accra, Ghana aNX@bengerdacNX@dNOCdIULdDLCdOCLCQdDEBBGdGWDNBdOCLCQdOCLCFdOCLCOdS3OdOCLCOdL2UdOCLCQdOCLCLdINU apcc af------00aHQ1101b.F44204a302.450960052221 aFem. Afr. (Print) 0aFeminist Africab(Print)00aFeminist Africa. 1aRondebosch :bAfrican Gender Institute,c[2002]-3132021- :aLegon, Accra, Ghana :bInstitute of African Studies, University of Ghana avolumes ;c21-23 cm a2 issues a year,b2021- a1 to 3 issues a year,b2002-2017 atextbtxt2rdacontent aunmediatedbn2rdamedia avolumebnc2rdacarrier1 aBegan with issue 1 (November/December 2002); suspended after issue 22 (December 2017); resumed with volume 2, issue 1 (2021). aEach issue has also a distinctive title. aAlso issued online.0 aIssue 1 (November/December 2022); title from title page.1 aVolume 3, issue 1 (2022). 0aFeministszAfricavPeriodicals. 0aFeminismzAfricavPeriodicals. 0aWomenzAfricaxSocial conditionsvPeriodicals. 7aFeminism.2fast0(OCoLC)fst00922671 7aFeminists.2fast0(OCoLC)fst00922831 7aWomenxSocial conditions.2fast0(OCoLC)fst01176947 7aFeministerzAfrikavperiodika.2sao 7aFeminismzAfrikavperiodika.2sao 7aKvinnorxsociala förhållandenzAfrikavperiodika.2sao 7aAfrica.2fast0(OCoLC)fst01239509 7aPeriodicals.2fast0(OCoLC)fst014116412 aAfrican Gender Institute,epublisher.2 aUniversity of Ghana.bInstitute of African Studies,epublisher.0 tFeminist Africa (Online)x1726-460Xw(DLC) 2004699532w(OCoLC)5134089808iOnline version:tFeminist Africaw(OCoLC)760806469